Fikri mülkiyet haklarının ticarileştirilmesi (Record no. 1852)

MARC details
000 -BAŞLIK
Sabit Uzunlukta Kontrol Alanı 00683na a2200241 4500
001 - KONTROL NUMARASI
Denetim Alanı 19700
003 - KONTROL NUMARASI IDENTIFIER
Denetim Alanı MIRAKIL
005 - SON İŞLEM TARİHİ VE ZAMANI
Denetim Alanı 20181213154836.0
008 - SABİT-BOY VERİ ELEMANLARI - GENEL BİLGİLER
Sabit Uzunlukta Kontrol Alanı 161226b tu 000 0
020 ## - ULUSLARARASI STANDART KİTAP NUMARASI
Uluslararası Standart Kitap Numarası 9786051650074
040 ## - KATALOGLAMA KAYNAK
Orijinal Kataloglama Ajansı Milas
Kataloglama Dili tur
Metne Dönüştürmek Ajansı TR-AnCHP
041 ## - DİL KODU
Metin / Ses Parça Veya Ayrı Başlığın Dil Kodu tur
082 ## - DEWEY ONLU SINIFLANDIRMA NUMARASI
Sınıflandırma Numarası 346.0482
Ürün Numarası Ö92 2014
090 ## - SINIFLAMA NUMARASI
Sınıflama Numarası 346.0482 Ö92 2014
100 ## - ANA GİRİŞ - KİŞİSEL İSİM
Kişisel Ad Özdemir, Mahmut N.
245 ## - BAŞLIK TABLOSU
Başlık Fikri mülkiyet haklarının ticarileştirilmesi
Sorumluluk Tablosu, Vb Mahmut N. Özdemir
260 ## - YAYIN, DAĞITIM, VB
Yayın, Dağıtım, Vb Yeri İstanbul
Yayıncı, Dağıtıcı, Vs Adı TÜSİAD
Yayın, Dağıtım, Vb Tarihi 2014
300 ## - FİZİKSEL TANIM
Kapsam 87 s.
Diğer Fiziksel Ayrıntıları tbl.
Boyutlar 27 sm.
490 ## - SERİSİ TABLOSU
Seri Beyanı Yayın no : TÜSİAD-T/2014-10/558
650 ## - KONU KATMA GİRİŞ - TOPİKAL DÖNEM
Topikal Süreli Veya Coğrafi Ad Giriş Elemanı Fikri haklar
Genel Alt Bölümü Ticaret
650 ## - KONU KATMA GİRİŞ - TOPİKAL DÖNEM
Topikal Süreli Veya Coğrafi Ad Giriş Elemanı Hukuk
Genel Alt Bölümü Fikri mülkiyet
942 ## - EKLENDİ GİRİŞ ELEMANLARI (KOHA)
Sınıflandırma Veya Raf Düzeni Kaynak Dewey Decimal Classification
Koha Öğesi Türü Books
999 ## - SİSTEM KONTROL NUMARALARI (KOHA)
Koha Biblionumber 1852
Koha Biblioitemnumber 1852
Holdings
Kalıcı Konum Mevcut Konum Edinme Tarihi Edinim Kaynak Toplam Check-Out'Lar Tam Çağrı Numarası Barkod Tarih Son Görülme İtibaren Geçerli Fiyatlar Koha Öğesi Türü Kopya Sayısı
CHP Kütüphanesi CHP Kütüphanesi 12/26/2016 Bağış   346.0482 Ö92 2014 010814 12/26/2016 12/26/2016 Books  
CHP Kütüphanesi CHP Kütüphanesi 12/26/2016 Bağış   346.0482 Ö92 2014 010815 12/26/2016 12/26/2016 Books k.2